LEADER 01335nam 2200361 450 001 000006526 005 20050718115200.0 100 $a20001213d1977----km-y0itay0103----ba 101 0 $aita 102 $aIT 200 1 $aElementi di scienza del suolo e di biologia vegetale$eguida all'interpretazione delle analisi dei terreni$fLuciano Tombesi 210 $aBologna$cEdagricole$dc1977 215 $aVIII, 438 p.$cill., tab.$d24 cm. 516 $aScienza del suolo 606 $aPedologia 676 $a631.4$v(20. ed.)$9Specifiche tecniche; apparecchi, attrezzature, materiali. Pedologia 700 1$aTombesi,$bLuciano$069728 801 0$aIT$bUniversità della Basilicata - B.I.A.$gRICA$2unimarc 912 $a000006526 996 $aElementi di scienza del suolo e di biologia vegetale$975665 997 $aUNIBAS BAS $aMONAGR BAS $aMONOGR BAS $aAGRARIA CAT $aTORRE$b20$c20001213$lBAS01$h1057 CAT $aTORRE$b20$c20001213$lBAS01$h1101 CAT $c20050601$lBAS01$h1753 CAT $abatch$b01$c20050718$lBAS01$h1049 CAT $c20050718$lBAS01$h1108 CAT $c20050718$lBAS01$h1138 CAT $c20050718$lBAS01$h1152 FMT Z30 -1$lBAS01$LBAS01$mBOOK$1BASA2$APolo Tecnico-Scientifico$2DID$BDidattica$3PTS.s3.p56.24$622886$5A22886$820001213$f04$FPrestabile Didattica